Movies Quiz

Random Movies or Actor Quiz

What Movie? Actor Pairings V Quiz Stats

 Plays Quiz Retired Jul 12, 2021

Support Sporcle.
Go Orange.
Score 0/45 Timer 09:00
0 Plays Today
Actor Movies % Correct
Tommy Lee JonesNo Country for Old Men
69.9%
Dustin HoffmanKramer vs. Kramer
66.8%
Ben StillerThere's Something About Mary
62%
Ewan McGregorMoulin Rouge!
49.8%
Mark WahlbergBoogie Nights
49.7%
Tom HardyMad Max: Fury Road
45.1%
Tommy Lee JonesBatman Forever
43.1%
Dustin HoffmanTootsie
40%
Tommy Lee JonesDouble Jeopardy
38.4%
Alec BaldwinThe Hunt for Red October
37.8%
Edward NortonBirdman
35.8%
Edward NortonPrimal Fear
35.4%
Tommy Lee JonesU.S. Marshals
35.3%
Edward NortonThe Incredible Hulk
35.2%
Alec BaldwinBeetlejuice
34.4%
Tommy Lee JonesSpace Cowboys
29%
Ewan McGregorThe Island
28.8%
Dustin HoffmanPapillon
27.2%
Colin FarrellDaredevil
25.6%
Tom HardyThis Means War
24.4%
Colin FarrellPhone Booth
24%
Alec BaldwinIt's Complicated
21.6%
Colin FarrellS.W.A.T.
19.7%
Actor Movies % Correct
Edward NortonThe Illusionist
19%
Ben StillerThe Royal Tenenbaums
18.8%
Colin FarrellThe Recruit
18.7%
Ben StillerTower Heist
17.8%
Mark Wahlberg2 Guns
17.7%
Mark WahlbergThe Happening
17.6%
Tom HardyWarrior
17.4%
Tom HardyDunkirk
15.8%
Edward NortonThe Score
15.2%
Dustin HoffmanRunaway Jury
14.5%
Dustin HoffmanOutbreak
13.8%
Mark WahlbergThe Lovely Bones
13.7%
Tom HardyLawless
13.7%
Ewan McGregorThe Men Who Stare at Goats
13.6%
Colin FarrellThe Lobster
13.4%
Ewan McGregorAngels & Demons
12.8%
Ben StillerMystery Men
12.4%
Mark WahlbergShooter
12.2%
Ben StillerLittle Fockers
11.8%
Ewan McGregorThe Ghost Writer
10.4%
Alec BaldwinThe Edge
10.1%
Alec BaldwinStill Alice
9.5%

From the Vault

Dota 2 Heroes

by vostok2

Gaming 15m
This quiz is obviously filled with secret clues about the imminent release of Half-Life 3.
Remove Ads.
Support Sporcle.
Get the best of Sporcle when you Go Orange. This ad-free experience offers more features, more stats, and more fun while also helping to support Sporcle. Thank you for becoming a member.

Show Comments

Extras

Top Quizzes Today


Score Distribution

Your Account Isn't Verified!

In order to create a playlist on Sporcle, you need to verify the email address you used during registration. Go to your Sporcle Settings to finish the process.

Report this User

Report this user for behavior that violates our Community Guidelines.

Details: